书目信息 |
| 题名: |
土壤和固体废弃物监测分析技术
|
|
| 作者: | 刘凤枝 , 刘潇威 主编 | |
| 分册: | ||
| 出版信息: | 北京 化学工业出版社 2007.09 |
|
| 页数: | 925页 | |
| 开本: | 27cm | |
| 丛书名: | ||
| 单 册: | ||
| 中图分类: | X705 | |
| 科图分类: | ||
| 主题词: | 土壤--tu rang--固体废物--监测 | |
| 电子资源: | ||
| ISBN: | 978-7-5025-9375-9 | |
| 000 | 00966nam0 2200253 450 | |
| 001 | 012008858030 | |
| 005 | 20080114110534.81 | |
| 010 | @a978-7-5025-9375-9@b精装@dCNY168.00 | |
| 100 | @a20080114d2007 em y0chiy0120 ea | |
| 101 | 0 | @achi |
| 102 | @aCN@b110000 | |
| 105 | @aa a 000yy | |
| 106 | @ar | |
| 200 | 1 | @a土壤和固体废弃物监测分析技术@Atu rang he gu ti fei qi wu jian ce fen xi ji shu@f刘凤枝, 刘潇威主编@Fliu feng zhi,liu xiao wei zhu bian |
| 210 | @a北京@c化学工业出版社@d2007.09 | |
| 215 | @a925页@c图@d27cm | |
| 320 | @a有书目 | |
| 330 | @a本书收集整理了国内外较为先进的检测质量管理技术和监测分析方法,详细介绍了土壤和固体废弃物中主要污染物的监测技术,重点介绍了现代监测仪器设备,分析方法的基本原理、特征及其在环境监测中的应用。 | |
| 606 | 0 | @a土壤@Atu rang@x固体废物@x监测 |
| 690 | @aX705@v4 | |
| 701 | 0 | @a刘凤枝@Aliu feng zhi@4主编 |
| 701 | 0 | @a刘潇威@Aliu xiao wei@4主编 |
| 801 | 0 | @aCN@bQSSK@c20080114 |
| 905 | @b278583@dX705@eL619@f1 | |
| 土壤和固体废弃物监测分析技术/刘凤枝, 刘潇威主编.-北京:化学工业出版社,2007.09 |
| 925页:图;27cm |
| ISBN 978-7-5025-9375-9(精装):CNY168.00 |
| 本书收集整理了国内外较为先进的检测质量管理技术和监测分析方法,详细介绍了土壤和固体废弃物中主要污染物的监测技术,重点介绍了现代监测仪器设备,分析方法的基本原理、特征及其在环境监测中的应用。 |
| ● |
| 相关链接 |
|
|
|
正题名:土壤和固体废弃物监测分析技术
索取号:X705/L619
 
预约/预借
| 序号 | 登录号 | 条形码 | 馆藏地/架位号 | 状态 | 备注 |
| 1 | 278583 | 202785833 | 期刊室512/501自科库 107排2列1层/ [索取号:X705/L619] | 在馆 |